<?xml version="1.0" encoding="UTF-8"?>
<record
    xmlns:xsi="http://www.w3.org/2001/XMLSchema-instance"
    xsi:schemaLocation="http://www.loc.gov/MARC21/slim http://www.loc.gov/standards/marcxml/schema/MARC21slim.xsd"
    xmlns="http://www.loc.gov/MARC21/slim">

  <leader>00516nam a2200145Ia 4500</leader>
  <controlfield tag="008">210820s9999||||xx |||||||||||||| ||und||</controlfield>
  <datafield tag="040" ind1=" " ind2=" ">
    <subfield code="a">ID-SmMUS</subfield>
  </datafield>
  <datafield tag="084" ind1=" " ind2=" ">
    <subfield code="a">234-0642 MAH IP.13</subfield>
  </datafield>
  <datafield tag="100" ind1=" " ind2=" ">
    <subfield code="a">Wayan Mahayana</subfield>
  </datafield>
  <datafield tag="245" ind1=" " ind2="0">
    <subfield code="a">Peran Kepala Desa Dalam Meningkatkan Pembangunan Desa Di Desa Bumi Rapak Kecamatan Kaubun Kabupaten Kutai Timur</subfield>
  </datafield>
  <datafield tag="260" ind1=" " ind2=" ">
    <subfield code="a">Samarinda</subfield>
    <subfield code="b">Fisip Unmul</subfield>
    <subfield code="c">2013</subfield>
  </datafield>
  <datafield tag="650" ind1=" " ind2=" ">
    <subfield code="a">Theses (Skripsi, Tesis, Disertasi)</subfield>
    <subfield code="e">T-H-E</subfield>
    <subfield code="x">Skripsi-IP</subfield>
    <subfield code="y">IP-2013</subfield>
  </datafield>
  <datafield tag="700" ind1=" " ind2=" ">
    <subfield code="a">Dr.Phil I Ketut Gunawan, M.A</subfield>
  </datafield>
  <datafield tag="942" ind1=" " ind2=" ">
    <subfield code="c">THE</subfield>
  </datafield>
  <datafield tag="999" ind1=" " ind2=" ">
    <subfield code="c">10987</subfield>
    <subfield code="d">10987</subfield>
  </datafield>
  <datafield tag="952" ind1=" " ind2=" ">
    <subfield code="0">0</subfield>
    <subfield code="1">0</subfield>
    <subfield code="4">0</subfield>
    <subfield code="7">0</subfield>
    <subfield code="a">FUML</subfield>
    <subfield code="b">FUML</subfield>
    <subfield code="c">SHELF</subfield>
    <subfield code="d">2022-03-26</subfield>
    <subfield code="g">10.00</subfield>
    <subfield code="l">0</subfield>
    <subfield code="o">234-0642 MAH IP.13</subfield>
    <subfield code="p">234064201</subfield>
    <subfield code="r">2022-03-26</subfield>
    <subfield code="t">1</subfield>
    <subfield code="w">2022-03-26</subfield>
    <subfield code="y">THE</subfield>
    <subfield code="z">Program Studi Ilmu Pemerintahan</subfield>
  </datafield>
</record>
